Investovanie na finančných trhoch bakalárska práca

Gespeichert in:
Bibliographische Detailangaben
1. Verfasser: Doxanská, Zdenka
Körperschaft: Fakulta podnikového manažmentu EU. Katedra podnikových financií
Weitere Verfasser: Mikloš, Miroslav, 1975-
Format: Buch
Sprache:Slowakisch
Veröffentlicht: Bratislava 2012
Tags: Tag hinzufügen
Keine Tags, Fügen Sie das erste Tag hinzu!

MARC

LEADER 00000nbm a2200000 4500
001 0153913
005 20161109111814.5
041 0 |a slo 
044 |a SK 
245 1 0 |a Investovanie na finančných trhoch  |b bakalárska práca  |c Zdenka Doxanská ; školiteľ: Miroslav Mikloš 
264 1 |a Bratislava  |c 2012 
300 |a 47 s. 
100 1 |a Doxanská, Zdenka 
700 1 |a Mikloš, Miroslav, 1975- 
710 2 |a Fakulta podnikového manažmentu EU. Katedra podnikových financií